Naturaleza jurídica del arbitraje
Uloženo v:
| Hlavní autor: | |
|---|---|
| Médium: | Kniha |
| Jazyk: | španělština |
| Vydáno: |
Santiago
Jurídica de Chile
1969
|
| Témata: | |
| Tagy: |
Přidat tag
Žádné tagy, Buďte první, kdo vytvoří štítek k tomuto záznamu!
|
MARC
| LEADER | 00000nam a2200000 a 4500 | ||
|---|---|---|---|
| 001 | UCS0994 | ||
| 003 | CL-VaPUC | ||
| 008 | 970506e19690000CL |||||||||||||||||spa|d | ||
| 082 | 0 | 4 | |a 347.09 |b ARA |2 21 |
| 100 | 0 | |a Aravena Arredondo, Leonardo |e author |9 384958 | |
| 245 | 1 | 0 | |a Naturaleza jurídica del arbitraje |
| 300 | |a 137 p | ||
| 942 | |c BK | ||
| 945 | |d 19970506 00:00:00 |a paguirre | ||
| 260 | |a Santiago |b Jurídica de Chile |c 1969 | ||
| 650 | 0 | |a Derecho procesal civil |9 258071 | |
| 650 | 7 | |a PROCESAMIENTO CIVIL |2 CL-VaPUC |9 384959 | |
| 650 | 0 | |a Arbitraje judicial |9 384450 | |
| 650 | 7 | |a TRIBUNALES ARBITRALES |2 CL-VaPUC |9 384960 | |
| 650 | 0 | |a Jurisdicción |9 255090 | |
| 650 | 0 | |a Poder judicial |9 254871 | |
| 583 | |a last modification |c 19970506 00:00:00 |k Rodrigo Vera | ||
| 999 | |c 259106 |d 259104 | ||
| 952 | |0 0 |1 0 |4 0 |6 347_090000000000000_ARA_1969 |7 0 |8 A |9 283668 |a BIBDER |b BIBDER |d 2019-11-19 |i 1841149 |o 347.09 ARA 1969 |p 1841149 |r 2023-01-25 |w 2019-11-19 |y BK |k DER | ||